<?xml version="1.0" encoding="UTF-8"?>
<marc:record xmlns:marc="http://www.loc.gov/MARC21/slim">
   <marc:leader>00000nam a2200000 a 4500</marc:leader>
   <marc:datafield ind1="1" ind2=" " tag="100">
      <marc:subfield code="a">Hochheimer, Irmi</marc:subfield>
      <marc:subfield code="4">aut</marc:subfield>
      <marc:subfield code="e">Verfasser/-in</marc:subfield>
   </marc:datafield>
   <marc:datafield ind1=" " ind2=" " tag="653">
      <marc:subfield code="a">Vorschulkind</marc:subfield>
   </marc:datafield>
   <marc:datafield ind1=" " ind2=" " tag="653">
      <marc:subfield code="a">Sexueller Missbrauch</marc:subfield>
   </marc:datafield>
   <marc:datafield ind1=" " ind2=" " tag="653">
      <marc:subfield code="a">Prävention</marc:subfield>
   </marc:datafield>
   <marc:datafield ind1=" " ind2=" " tag="653">
      <marc:subfield code="a">Vorschulerziehung</marc:subfield>
   </marc:datafield>
   <marc:datafield ind1=" " ind2=" " tag="653">
      <marc:subfield code="a">Alltag/Familie</marc:subfield>
   </marc:datafield>
   <marc:datafield ind1="0" ind2="0" tag="245">
      <marc:subfield code="a">Mutmachmärchen</marc:subfield>
   </marc:datafield>
   <marc:datafield ind1="0" ind2="0" tag="245">
      <marc:subfield code="b">wie sich Mädchen und Jungen gegen sexuellen Missbrauch wehren können</marc:subfield>
   </marc:datafield>
   <marc:datafield ind1="0" ind2="0" tag="245">
      <marc:subfield code="c">Irmi Hochheimer. [Ill.: Tina Westerhoff</marc:subfield>
   </marc:datafield>
   <marc:datafield ind1=" " ind2="1" tag="264">
      <marc:subfield code="a">Weinheim</marc:subfield>
      <marc:subfield code="b">Beltz</marc:subfield>
      <marc:subfield code="c">2007</marc:subfield>
   </marc:datafield>
   <marc:datafield ind1="1" ind2=" " tag="490">
      <marc:subfield code="a">Beltz-Taschenbuch</marc:subfield>
      <marc:subfield code="v">900 : Ratgeber</marc:subfield>
   </marc:datafield>
   <marc:datafield ind1=" " ind2=" " tag="250">
      <marc:subfield code="a">1. Aufl.</marc:subfield>
   </marc:datafield>
   <marc:datafield ind1="1" ind2=" " tag="520">
      <marc:subfield code="a">Angaben aus der Verlagsmeldung

Mutmachmärchen : Wie sich Mädchen und Jungen gegen sexuellene Missbrauch wehren können - Ein Arbeitshandbuch. Mit Illustrationen von Tina Westerhoff / von Irmi Hochheimer

Wenn Kinder zusammen mit ihren Eltern, Lehrer/innen und Erzieher/innen die Geschichten in diesem Buch erarbeiten, gewinnen sie stufenweise Kompetenzen: Sie lernen, was sexueller Missbrauch ist und wie sie sich in solchen Situationen verhalten können.
Das Buch ist so konzipiert, dass es von Müttern und Vätern wie auch von Pädagoginnen und Pädagogen vorgelesen und bearbeitet werden kann. Die im Buch enthaltenen Geschichten bauen, jeweils für Jungen und Mädchen getrennt, thematisch aufeinander auf und stellen nach und nach immer komplexere Zusammenhänge von sexuellem Missbrauch dar, ohne dabei bedrohlich zu sein. Kinder werden so nicht verunsichert, sondern ermutigt, Hilfe zu holen.
</marc:subfield>
   </marc:datafield>
   <marc:datafield ind1=" " ind2=" " tag="020">
      <marc:subfield code="a">9783407229007</marc:subfield>
      <marc:subfield code="9">9783407229007</marc:subfield>
   </marc:datafield>
   <marc:datafield ind1=" " ind2=" " tag="020">
      <marc:subfield code="a">3407229003</marc:subfield>
      <marc:subfield code="9">3407229003</marc:subfield>
   </marc:datafield>
   <marc:datafield ind1=" " ind2=" " tag="041">
      <marc:subfield code="a">ger</marc:subfield>
   </marc:datafield>
   <marc:datafield ind1=" " ind2=" " tag="300">
      <marc:subfield code="a">144 S.</marc:subfield>
   </marc:datafield>
</marc:record>
